000 00805nam a2200229Ia 4500
005 20250425160652.0
008 250425s9999 xx 000 0 und d
020 _a968451591x
041 _aspa
082 _a651.7
245 0 _aREDACCION Y COMPOSICION : TECNICAS Y PRACTICAS
250 _a1A ED.
260 _aMEXICO
260 _aMéxico
_bMCGRAW-HILL INTERAMERICANA
_c1995
300 _a270
520 _aPROPOSITO DE ESTE LIBRO ES DESARROLLAR EN EL ESTUDIANTE LA CAPACIDAD DE EXPOSICION ESCRITA PARA QUE PUEDA COMUNICARSE MEJOR CON LOS DEMAS. HA SIDO CONCEBIDA COMO UNA GUIA ORIENTADORA EN LOS PRINCIPIOS Y TECNICAS DE LA BUENA COMUNICACION ESCRITA Y COMO INS
650 _aCOMUNICACION ESCRITA
650 _aGENEROS LITERARIOS
650 _aREDACCION
942 _c01
010 _a1888
999 _c193763
_d193763